| 000 | 00475nam a2200133 a 4500 | ||
|---|---|---|---|
| 008 | 120416s1972 ||||||||||||||||| || u | ||
| 050 | _aHF 5429.3 Mur | ||
| 100 | _aMURPHY, Raymond Edward | ||
| 245 | 1 | 4 | _aThe central business district |
| 260 |
_aLondon _bLongman _c1972 |
||
| 300 | _avi, 193p. : ill | ||
| 350 | _a0.00 | ||
| 995 |
_D0.00 _FCBU-MAIN LIBRARY (Kitwe) _H1 _I0.00 _UAVAILABLE _ZMain Library Open Access Collection |
||
| 999 |
_c36963 _d36963 |
||